Nommez un département pour chaque nombre de lettres - Statistiques

Statistiques générales
  • Ce quiz a été pris 915 fois
  • Le résultat moyen est 9 sur 17
Statistiques - réponses
Nombre de lettres Départements Nombre de possibilités Départements possibles % Correct
3 3 Ain | Lot | Var
98%
5 12 Aisne | Doubs | Drôme | Indre | Isère | Loire | Marne | Meuse | Paris | Rhône | Somme | Yonne
94%
4 11 Aube | Aude | Cher | Eure | Gard | Gers | Jura | Nord | Oise | Orne | Tarn
92%
6 15 Allier | Ariège | Cantal | Creuse | Guyane | Landes | Loiret | Lozère | Manche | Nièvre | Sarthe | Savoie | Vendée | Vienne | Vosges
86%
7 11 Ardèche | Aveyron | Bas-Rhin | Corrèze | Côte-d'Or | Essonne | Gironde | Hérault | Mayenne | Mayotte | Moselle
81%
8 9 Ardennes | Calvados | Charente | Dordogne | Haut-Rhin | Morbihan | Val-d'Oise | Vaucluse | Yvelines
77%
10 11 Corse-du-Sud | Deux-Sèvres | Eure-et-Loir | Guadeloupe | Haute-Corse | Haute-Loire | Haute-Marne | Haute-Saône | Loir-et-Cher | Martinique | Val-de-Marne
58%
9 3 Finistère | La Réunion | Puy-de-Dôme
49%
11 5 Côtes-d'Armor | Hautes-Alpes | Haute-Savoie | Haute-Vienne | Pas-de-Calais
49%
12 7 Haute-Garonne | Hauts-de-Seine | Indre-et-Loire | Lot-et-Garonne | Maine-et-Loire | Saône-et-Loire | Seine-et-Marne
46%
14 3 Alpes-Maritimes | Bouches-du-Rhône | Hautes-Pyrénées
37%
20 1 Alpes-de-Haute-Provence
34%
19 2 Pyrénées-Atlantiques | Territoire de Belfort
30%
13 3 Ille-et-Vilaine | Seine-Maritime | Tarn-et-Garonne
28%
15 2 Loire-Atlantique | Seine-Saint-Denis
27%
18 1 Pyrénées-Orientales
22%
16 2 Charente-Maritime | Meurthe-et-Moselle
19%
Aucun quiz correspondant
Distribution des résultats
% des personnes avec chaque résultat
Percentile par nombre de réponses
Votre historique - résultats
Vous n’avez pas pris ce quiz